000 01011nam0a22002651 4500
001 rc\963492
005 20250622060705.0
035 _a(NLR Aleph) 006132975
090 _a5581207
_c5581207
100 _a20041129d1982 |||y0rusy50 ca
101 0 _arus
102 _aRU
105 _ay |||||||||
200 1 _aПрогнозирование как инструмент разработки проекта предприятия будущего
_e(Обзор)
210 _aТашкент
_cУзНИИНТИ
_d1982
215 _a12 с.
_d20
225 1 _aОбзорная информация
_fНИИНТУ и техн.-экон. исслед. Госплана УзССР
300 _aНа обл. авт. не указан
300 _aВ надзаг.: Ташк. ин-т текстил. и лег. пром-сти
700 1 _aХоджаев
_bС.С.
_gСурат Султанович
801 0 _aRU
_bNLR
_gpsbo
801 1 _aRU
_bELAR
_2rusmarc
852 _aNLR
_j82-4/20624
942 _cBOOK
980 _aNB